| 000 | 01255nam a22003135i 4500 | ||
|---|---|---|---|
| 003 | EG-ScBUE | ||
| 005 | 20220718094204.0 | ||
| 008 | 170524s2015 ua f 000 0 ara d | ||
| 017 | _a2004 / 15239 | ||
| 020 | _a9771607480 | ||
| 040 |
_aEG-ScBUE _bara _erda _cEG-ScBUE _dEG-ScBUE |
||
| 041 | 0 |
_aara _aeng |
|
| 082 | 0 | 4 |
_222 _a492.7 _bع ن ا |
| 100 | 1 |
_aعناني، محمد، _d1939- _eمؤلف. |
|
| 245 | 1 | 2 |
_aالترجمة الأدبية بين النظرية والتطبيق / _cالدكتور محمد عناني، أستاذ الأدب الإنجليزي بجامعة القاهرة. |
| 250 | _aالطبعة الرابعة | ||
| 264 | 1 |
_aالجيزة، مصر : _bالشركة المصرية العالمية للنشر، لونجمان ؛ _a[بيروت] : _bمكتبة لبنان ناشرزن، _c2015. |
|
| 300 |
_a249 صفحة ؛ _c24 سم. |
||
| 336 |
_2rdacontent _aنص _btxt |
||
| 337 |
_2rdamedia _aبدون وسيط _bn |
||
| 338 |
_2rdacarrier _aمجلد _bnc |
||
| 490 | 0 | _aأدبيات | |
| 546 | _aالنص باللغتين العربية والإنجليزية. | ||
| 650 | 7 |
_2BUEsh _aاللغة العربية _vترجمة. |
|
| 651 | _2BUEsh | ||
| 653 |
_bGGEN _cMay2017 |
||
| 655 |
_vReading book _934232 |
||
| 942 | _2ddc | ||
| 999 |
_c24878 _d24850 |
||